El sistema de cargos en la antropología chiapaneca (Record no. 10292)

MARC details
000 -CABECERA
campo de control de longitud fija 00728nam a2200181 a 4500
001 - NÚMERO DE CONTROL
campo de control BRL_1482
005 - FECHA Y HORA DE LA ÚLTIMA TRANSACCIÓN
campo de control 20190320211228.0
008 - DATOS DE LONGITUD FIJA--INFORMACIÓN GENERAL
campo de control de longitud fija 230114t1961----mx-ab#####---#000-0#spa-#
050 #4 - SIGNATURA TOPOGRÁFICA DE LA BIBLIOTECA DEL CONGRESO
Número de clasificación HC137.C4
Número de documento/Ítem .K67 1992
100 1# - ENTRADA PRINCIPAL--NOMBRE DE PERSONA
Nombre de persona Korsbaek, Leif
9 (RLIN) 27054
245 10 - MENCIÓN DE TÍTULO
Título El sistema de cargos en la antropología chiapaneca
Resto del título de la antropología tradicional a la moderna
Mención de responsabilidad, etc. Leif Korsbaek.
260 ## - PUBLICACIÓN, DISTRIBUCIÓN, ETC.
Lugar de publicación, distribución, etc. Tuxtla Gutiérrez, Chiapas, México
Nombre del editor, distribuidor, etc. Gobierno del Estado de Chiapas : Instituto Chiapaneco de Cultura
Fecha de publicación, distribución, etc. 1992
300 ## - DESCRIPCIÓN FÍSICA
Extensión 27 p.
Dimensiones 22 cm.
440 #0 - MENCIÓN DE SERIE/PUNTO DE ACCESO ADICIONAL--TÍTULO
Título Cuadernos de la biblioteca pública
Designación de volumen o secuencia 2
9 (RLIN) 27055
651 #4 - PUNTO DE ACCESO ADICIONAL DE MATERIA--NOMBRE GEOGRÁFICO
Nombre geográfico Chiapas
Subdivisión general Condiciones económicas
Subdivisión geográfica México
9 (RLIN) 27056
651 #4 - PUNTO DE ACCESO ADICIONAL DE MATERIA--NOMBRE GEOGRÁFICO
Nombre geográfico Chiapas
Subdivisión general Condiciones sociales
Subdivisión geográfica México
9 (RLIN) 27057
942 ## - ELEMENTOS DE PUNTO DE ACCESO ADICIONAL (KOHA)
Fuente del sistema de clasificación o colocación Library of Congress Classification
Tipo de ítem Koha Libros
Holdings
Estado de retiro Estado de pérdida Estado dañado No para préstamo Localización permanente Ubicación/localización actual Fecha de adquisición Total de préstamos Signatura topográfica completa Código de barras Fecha visto por última vez Precio válido a partir de Tipo de ítem Koha
El ejemplar forma parte de la colección y puede ser consultado según las políticas vigentes.       Biblioteca Centro de Estudios Ruth D. Lechuga Biblioteca Centro de Estudios Ruth D. Lechuga 23/01/2014   HC137.C4 .K67 1992 00031 22/03/2019 22/03/2019 Libros